000 00223nam a2200109Ia 4500
100 _aSHETTY/ROOPA
650 _aCommunication skills
942 _cBK
245 _aCommunication Skills
260 _b#N/A
546 _aENGLISH
999 _c21722
_d21722